A partir de las galletas (Record no. 74047)

MARC details
000 -CABECERA
campo de control de longitud fija 00575nam a2200217 a 4500
005 - FECHA Y HORA DE LA ÚLTIMA TRANSACCIÓN
campo de control 20210219153329.0
008 - ELEMENTOS DE LONGITUD FIJA--INFORMACIÓN GENERAL
campo de control de longitud fija 991125n 000 0 spa u
035 ## - NÚMERO DE CONTROL DEL SISTEMA
Número de control de sistema UPN01000091624
100 1# - ASIENTO PRINCIPAL--NOMBRE PERSONAL
Nombre de persona Buiza Hernández, Avelino
222 ## - TÍTULO CLAVE
Título clave CUADERNOS DE PEDAGOGIA
245 ## - MENCIÓN DE TÍTULO
Título A partir de las galletas
260 ## - PUBLICACIÓN, DISTRIBUCIÓN, ETC.
Lugar de publicación, distribución, etc. Barcelona, España
300 ## - DESCRIPCIÓN FÍSICA
Extensión 38-39
362 0# - FECHAS DE PUBLICACIÓN Y/O DESIGNACIÓN SECUENCIAL
Fecha de publicación y/o designación secuencial 1992 No. 204, jun.
653 0# - TERMINO DE INDIZACION - NO CONTROLADO
Término no controlado ALIMENTACION
653 0# - TERMINO DE INDIZACION - NO CONTROLADO
Término no controlado EDUCACION INFANTIL
653 0# - TERMINO DE INDIZACION - NO CONTROLADO
Término no controlado EDUCACION SANITARIA
653 0# - TERMINO DE INDIZACION - NO CONTROLADO
Término no controlado ELABORACION DE ALIMENTOS
904 ## - ELEMENTOS DE DATOS D LOCAL, LDD (RLIN)
a AC
b 029435
905 ## - TIPO DE MATERIAL
Tipo de material Articulo

No items available.